| 000 | 00508cam a2200193 4500 | ||
|---|---|---|---|
| 001 | 6340 | ||
| 005 | 20230404130035.0 | ||
| 008 | 060907n1969 nyu eng | ||
| 020 | _a671205269 | ||
| 035 | _9funglode6398 | ||
| 041 | _aspa | ||
| 050 | 1 | 4 |
_a107 F 1788.22 _bC355M 1969 |
| 100 | 1 |
_aMatthews, Herbert Lionel, _d1900- |
|
| 245 | 1 | 0 |
_aFidel Castro / _cby Herbert L. Matthews |
| 260 |
_aNew York : _bA Clarion Book, _c1969 |
||
| 300 | _a382 p. | ||
| 600 | 1 | 0 |
_aCastro, Fidel, _d1926- |
| 942 |
_2lcc _cbk |
||
| 999 |
_c9756 _d9756 |
||